東急電鉄の駅 [路線図] - Statistics

General Stats
  • This quiz has been taken 119 times
  • The average score is 70 of 98
Answers on the Map
Answers color-coded by a green-red scale on the quiz's map according to % correct below.
 
Answer Stats
Answer % Correct
渋谷
97%
多摩川
93%
大井町
93%
自由が丘
92%
中目黒
91%
横浜
91%
武蔵小杉
90%
日吉
90%
新横浜
90%
二子玉川
90%
こどもの国
90%
代官山
89%
田園調布
89%
目黒
89%
三軒茶屋
89%
長津田
89%
中央林間
89%
学芸大学
87%
菊名
87%
綱島
86%
蒲田
86%
都立大学
84%
池尻大橋
84%
溝の口
84%
五反田
84%
二子新地
83%
新綱島
82%
祐天寺
80%
新丸子
80%
元住吉
80%
白楽
80%
反町
80%
大岡山
80%
東白楽
79%
たまプラーザ
79%
恩田
79%
南町田グランベリーパーク
78%
旗の台
77%
高津
76%
鷺沼
76%
世田谷
75%
大倉山
74%
武蔵小山
74%
下高井戸
74%
不動前
72%
洗足
72%
用賀
72%
あざみ野
72%
池上
72%
宮崎台
71%
戸越銀座
71%
雪が谷大塚
71%
妙蓮寺
70%
西小山
70%
駒沢大学
70%
桜新町
70%
宮前平
70%
九品仏
70%
奥沢
69%
等々力
69%
すずかけ台
66%
北千束
66%
上野毛
64%
大崎広小路
64%
荏原中延
64%
青葉台
63%
つきみ野
63%
中延
63%
緑が丘
63%
矢口渡
62%
田奈
61%
洗足池
61%
下丸子
61%
つくし野
60%
尾山台
60%
御嶽山
60%
梶が谷
59%
藤が丘
59%
下神明
56%
戸越公園
56%
荏原町
56%
松陰神社前
56%
山下
56%
江田
54%
鵜の木
54%
武蔵新田
54%
若林
54%
松原
54%
上町
53%
市が尾
52%
蓮沼
52%
沼部
52%
石川台
49%
千鳥町
49%
長原
48%
久が原
48%
西太子堂
47%
宮の坂
41%
No matching quizzes found
Score Distribution
Percent of People with Each Score
Percentile by Number Answered
Your Score History
You have not taken this quiz